Foods of the World - Statistics

General Stats
  • This quiz has been taken 177 times
  • The average score is 13 of 15
Answer Stats
Food Country % Correct
Pizza Italy
100%
Pasta Italy
100%
Sushi Japan
100%
Triangle Rice Japan
100%
Baguette France
99%
Taco Mexico
99%
Mac & Cheese United States
99%
Hamburger United States
99%
Dumpling China
96%
Tofu China
96%
Noodles China
96%
Vegemite Australia
78%
Kimchi Korea
70%
La Fondue Switzerland
59%
Swedish Fish Canada
35%
No matching quizzes found
Score Distribution
Percent of People with Each Score
Percentile by Number Answered
Your Score History
You have not taken this quiz